Electrochemical Reactors, Their Science and Technology; Parte A: Fundamentals, Electrolysers, Batteries and Fuel Cells / M. I. Ismail (Registro nro. 19042)

Detalles MARC
000 -LÍDER
fixed length control field 00505nam a2200133 4500
008 - ELEMENTOS DE LONGITUD FIJA -- INFORMACIÓN GENERAL
fixed length control field 0 1989 0ant 000 0HOL
020 ## - NÚMERO INTERNACIONAL NORMALIZADO PARA LIBROS
ISBN 0-444-8713-X
082 ## - NUMERO DE CLASIFICACION DECIMAL DEWEY
Número de Clasificación 660.283 I675l
100 ## - ASIENTO PRINCIPAL--NOMBRE PERSONAL
Nombre personal I. Ismail, M.
245 ## - TÍTULO
Título Electrochemical Reactors, Their Science and Technology; Parte A: Fundamentals, Electrolysers, Batteries and Fuel Cells / M. I. Ismail
260 ## - PUBLICACIÓN, DISTRIBUCIÓN, ETC. (PIE DE IMPRENTA)
Lugar de publicación, distribución, etc. Netherlands : Elsevier
300 ## - DESCRIPCIÓN FÍSICA
Extensión xvii, 548 p. / 25 cm.
650 ## - ASIENTO SECUNDARIO DE MATERIA - TERMINO TEMÁTICO
Término temático o nombre geográfico como elemento de entrada 1.DESIGN CONCEPTS IN ELECTROCHEMICAL PROCESSES ENGINEERING
Existencias
No. biblioteca No. biblioteca Número de clasificación Código de barras/Número de adquisición Número de copia Tipo de material
LUIS G. INCLAN LUIS G. INCLAN 660.283 I675l 12507 1 Libros
Calzada Tecnológico # 27, Zacatepec, Morelos.
01(734) 343-07-23 / 343-21-10 / 343-21-11
Apdo. Postal 45 C.P 62780